Statystyki dla Narodowosci tenisistów

Kliknij tutaj aby rozwiązać quiz!

Ogólne statystyki

  • Ten quiz został rozwiązany 85 razy
  • Średni wynik to 11 z 12

Statystyki odpowiedzi

Tenisistakraj pochodzenia% Poprawnych
Łukasz KubotPolska
100%
Daniił MiedwiediewRosja
99%
Rafael NadalHiszpania
98%
Kei NishikoriJaponia
98%
Novak ĐokovićSerbia
98%
Matteo BerrettiniWłochy
96%
Stefanos TsitsipasGrecja
95%
Roger FedererSzwajcaria
94%
Stan WawrinkaSzwajcaria
94%
Alexander ZverevNiemcy
93%
Dominic ThiemAustria
85%
David GoffinBelgia
74%

Rozkład punktacji

Percentyl według liczby udzielonych odpowiedzi

Procent ludzi z każdym wynikiem

Twoja historia wyników

Nie rozwiązałeś tego quizu